Engineered work measurement the principles, data, and techniques of methods time measurement, modern time and motion study (Record no. 371349)

000 -LEADER
fixed length control field 00495cam a22001337a 4500
008 - FIXED-LENGTH DATA ELEMENTS--GENERAL INFORMATION
fixed length control field 180718b1959 xxu||||| |||| 00| 0 eng d
082 ## - DEWEY DECIMAL CLASSIFICATION NUMBER
Classification number T83 K145
100 ## - MAIN ENTRY--PERSONAL NAME
Personal name Karger, Delmar W.
245 ## - TITLE STATEMENT
Title Engineered work measurement the principles, data, and techniques of methods time measurement, modern time and motion study
Statement of responsibility, etc. by Delmar W. Karger and Faranklin H. Bayha
260 ## - PUBLICATION, DISTRIBUTION, ETC.
Place of publication, distribution, etc. New York
Name of publisher, distributor, etc. Industrial Press
Date of publication, distribution, etc. 1959
300 ## - PHYSICAL DESCRIPTION
Extent 635p.
650 ## - SUBJECT ADDED ENTRY--TOPICAL TERM
Topical term or geographic name entry element Time and Motion Study
700 ## - ADDED ENTRY--PERSONAL NAME
Personal name Bayha, Farnklin H.
Holdings
Withdrawn status Lost status Damaged status Not for loan Permanent Location Current Location Date acquired Full call number Barcode Date last seen Price effective from Koha item type
        Indian Institute of Public Administration Indian Institute of Public Administration 1994-06-09 T83 K145 19362 2018-07-21 2018-07-21 Book

Powered by Koha